000 00558nam a22001817a 4500
999 _c192297
_d192297
005 20220916160120.0
010 _aENG-135105
020 _c110.00
_a9788123770932
035 _aEN-118637
037 _bDBAD/PUB
082 _a920
100 _aAmal, Brahmachari
245 _aA Simple Life Of Swami Vivekananda/
_cby Brahmachari Amal
260 _aDelhi
_bNational Book Trust
_c2014
270 _aNehru Bhawan, 5, Institutional Area, Phase-2, Vasant Kunj
_bNew Delhi
_e110070
300 _a57p.
_c22cm(pbk)
942 _2ddc
_cEN
_h920
_mAMA